Prise de décision à l'échelon national pour les soins de santé primaires Etude du commité mixte FISE/OMS des directives sanitaires

Guardat en:
Dades bibliogràfiques
Autor principal: FISE
Format: Llibre
Idioma:Undetermined
Publicat: Genève OMS 1981
Etiquetes: Afegir etiqueta
Sense etiquetes, Sigues el primer a etiquetar aquest registre!
Thư viện lưu trữ: Trung tâm Học liệu Trường Đại học Cần Thơ
LEADER 00557nam a2200181Ia 4500
001 CTU_34803
008 210402s9999 xx 000 0 und d
082 |a 614 
082 |b P959 
100 |a FISE 
245 0 |a Prise de décision à l'échelon national pour les soins de santé primaires 
245 0 |b Etude du commité mixte FISE/OMS des directives sanitaires 
245 0 |c FISE 
260 |a Genève 
260 |b OMS 
260 |c 1981 
904 |i Nguyễn Quang Điền, 000105 
980 |a Trung tâm Học liệu Trường Đại học Cần Thơ